000 00987nam a22002897a 4500
005 2010091307037.0
008 100913t xxu||||| |||| 00| 0 eng d
010 _aENG-101477
020 _a9788179102619
_c550.00
035 _aEN-85010
037 _bDBAD / PUB
040 _adpl
_bEnglish
082 _a582.13
100 _aBaruah,Akhil
_919627
245 _aAdvanced morphology of angiosperms /
_cby Akhil Baruah
260 _aJaipur
_bAavishkar Publishers, Distributors
_c2008
270 _a807, Vyas Building, Chaura Rasta,
_bJaipur
_e302003
300 _axii, 177 p. :
_c23cm (Hb)
_bill.
500 _aIncludes bibliographical references and index
650 _919619
650 _919620
650 _919621
650 _919622
700 _919623
942 _2ddc
_cEN
_mBAR
_h582.13
999 _c45342
_d45342